000 00524nam a22001817a 4500
003 UA-OsUOA
001 13318
007 ta
008 20030506b un ||||| |||| 00| 0 ukr d
100 _aКривко М.
942 _cSA
040 _aUA-OsUOA
_cUA-OsUOA
_dUA-OsUOA
245 _a" На владу кивай , але й себе поважай "
300 _aС.2
955 _a0
773 0 _w0
_tВісті Рівненщини
_dРівне
_d2003
_g№34/35/23 квіт./
650 7 _aВиконавча влада
_2UDC
999 _c299479
_d299479